The Eternal She/ (Record no. 188689)

MARC details
000 -LEADER
fixed length control field 00553nam a22001817a 4500
005 - DATE AND TIME OF LATEST TRANSACTION
control field 20220601153559.0
010 ## - LCCN (DPL NO)
LC control number ENG-132919
020 ## - INTERNATIONAL STANDARD BOOK NUMBER
International Standard Book Number 9788129514486
Terms of availability 600.00
035 ## - SYSTEM CONTROL NUMBER
System control number EN-116451
037 ## - SOURCE OF ACQUISITION
Source of stock number/acquisition DBAD/PUB
082 ## - DEWEY DECIMAL CLASSIFICATION NUMBER
Classification number 305.42095414
100 ## - MAIN ENTRY--PERSONAL NAME
Personal name Banerjee, Tarapada
245 ## - TITLE STATEMENT
Title The Eternal She/
Statement of responsibility, etc Tarapada Banerjee
260 ## - PUBLICATION, DISTRIBUTION, ETC. (IMPRINT)
Place of publication, distribution, etc Kolkata
Name of publisher, distributor, etc Dey's Publishing
Date of publication, distribution, etc 2012
270 ## - ADDRESS
City Kolkata
Address 13, Bankim Chatterjee Street
Postal code 700073
Electronic mail address deyspublishing@hotmail.com
300 ## - PHYSICAL DESCRIPTION
Extent 104p.
Dimensions 29cm(hbk)
942 ## - ADDED ENTRY ELEMENTS (KOHA)
Source of classification or shelving scheme Dewey Decimal Classification
Item type English Books
Classification part 305.42095414
Call number suffix BAN
Holdings
Withdrawn status Lost status Not for loan Collection code Home library Current library Date acquired Source of acquisition Cost, normal purchase price Full call number Barcode Copy number Cost, replacement price Koha item type
    Not For Loan Reference Ashok Vihar Ashok Vihar 01/06/2022 DBAD/PUB 600.00 305.42095414 BAN EN-116451 1 600.00 English Books

© Delhi Public Library
Hit Counter
free hit counter